Statistics for Click the Next Letter in the Alphabet

Click here to take the quiz!

General Stats

  • This quiz has been taken 842 times
  • The average score is 19 of 25

Answer Stats

HintAnswer% Correct
GH
80%
KL
79%
RS
79%
EF
78%
HI
78%
MN
78%
ST
78%
UV
78%
DE
77%
LM
77%
OP
77%
QR
76%
AB
75%
BC
75%
FG
75%
IJ
75%
TU
75%
VW
75%
WX
75%
XY
75%
YZ
75%
CD
74%
JK
73%
PQ
73%
NO
72%

Score Distribution

Percentile by Number Answered

Percent of People with Each Score

Your Score History

You have not taken this quiz